000 00437nmm a2200157Ia 4500
008 251105s9999||||xx |||||||||||||||||und||
020 _a9789502330174
041 _aspa
100 _aDi Pace, Damián
245 0 _aEconomía de a pie
264 _a[Buenos Aires, Argentina] :
_bEudeba,
_c2020
300 _a144 páginas
650 _aEconomics and Business
856 _uhttps://public.digitaliapublishing.com/a/128401
942 _cCF
999 _c93321
_d93321